000 00579cam a2200193 4500500
005 20260329003804.0
041 _afre
042 _adc
100 1 0 _ade Oliveira, Victorine
_eauthor
245 0 0 _aLa voie de l’émancipation
260 _c2017.
500 _a19
690 _aÉlie Kakou
690 _aGénérosité
690 _aPassions
690 _aRené Descartes
786 0 _nPhilosophie magazine | 106 | 2 | 2017-02-01 | p. 34-34 | 1951-1787
856 4 1 _uhttps://shs.cairn.info/magazine-philosophie-magazine-2017-2-page-34?lang=fr&redirect-ssocas=7080
999 _c1827705
_d1827705